000 00562nam a2200205Ia 4500
008 140626s9999 xx 000 0 und d
100 _aShafer, Richard..
245 _aJournalism education :
_b in defense of tradition /
_cRichard Shafer ... [et al.].
260 _cc2013.
300 _a40 : 1, page 14
440 _aMedia Asia
521 _aMC
650 _aBloggers.
650 _aEducation.
650 _aInformation dissemination.
650 _aJournalism.
650 _aTradition.
650 _aUnreliable source of information.
942 _cSE
999 _c121182
_d121182